[Event "Moscow-ch Final (Women)"]
[Site "Moscow"]
[Date "2021.03.31"]
[Round "7"]
[White "Kanevskaya, Anna"]
[Black "Korovina, Yana"]
[Result "1/2-1/2"]
[WhiteElo "2130"]
[BlackElo "1531"]
[PlyCount "192"]
[EventDate "2021.03.25"]
[EventType "swiss"]
[EventRounds "9"]
[EventCountry "RUS"]
[SourceTitle "CBM 202 Extra"]
[Source "ChessBase"]
[SourceDate "2021.07.31"]
[SourceVersion "1"]
[SourceVersionDate "2021.07.31"]
[SourceQuality "1"]

1. d4 Nf6 2. Nf3 e6 3. g3 b6 4. Bg2 Bb7 5. 0-0 Be7 6. c4 d5 7. cxd5 exd5 8. Nc3 0-0 9. Qb3 Ne4 10. Rd1 Nxc3 11. Qxc3 Nd7 12. Be3 Nf6 13. Rac1 Bd6 14. Bf4 Ne4 15. Qc2 Bxf4 16. gxf4 c5 17. dxc5 bxc5 18. Ne5 Qh4 19. e3 Rac8 20. f3 Nf6 21. Qd2 a6 22. Nd3 Nd7 23. Qf2 Qe7 24. Bh3 f5 25. Ne1 Nb6 26. Bf1 Rfe8 27. Rc3 Qf6 28. Ng2 Red8 29. Rdc1 Qd6 30. Rd1 Qf6 31. Rb3 c4 32. Ra3 Rc6 33. Rc3 Na4 34. Ra3 Nb6 35. Rd4 Rcc8 36. Qd2 Qe7 37. Rc3 Na4 38. Rc1 Nb6 39. Rd1 Re8 40. Qc2 Qf7 41. Qd2 Qe7 42. Qc2 Qf7 43. b4 g6 44. Rb1 Qd7 45. a3 Qa4 46. Qxa4 Nxa4 47. Rc1 Nb6 48. Kf2 Kf7 49. Ne1 Re7 50. Nc2 Rce8 51. Rdd1 Ba8 52. Re1 Bb7 53. Nd4 Kf6 54. Rb1 Kf7 55. h4 Kf6 56. b5 a5 57. Nc6 Rc7 58. Ne5 Rcc8 59. Rec1 Re7 60. Be2 Ree8 61. Bd1 Red8 62. Be2 Re8 63. Rd1 Red8 64. Rd4 Nd7 65. Bxc4 Nxe5 66. fxe5+ Kxe5 67. f4+ Ke6 68. Bb3 Rc3 69. Ra4 Ra8 70. Ke2 Rc5 71. Bd1 Kd6 72. Kd2 Rc4 73. Rc1 Rxa4 74. Bxa4 Rc8 75. Rxc8 Bxc8 76. Kc3 Kc5 77. b6 Kxb6 78. Kd4 Bb7 79. Be8 Bc6 80. Bf7 Kb5 81. Bg8 h6 82. Bf7 Ka4 83. Bxg6 Kxa3 84. Kc3 Bd7 85. Bf7 Ka4 86. Bxd5 Kb5 87. Kd4 Kb6 88. Ke5 Kc7 89. Ba2 a4 90. Kf6 Kd6 91. Kg6 Ke7 92. Bb1 Be6 93. e4 fxe4 94. Bxe4 a3 95. Bb1 h5 96. f5 a2 1/2-1/2

[Event "Moscow op (Women) 17th"]
[Site "Moscow"]
[Date "2021.02.25"]
[Round "6"]
[White "Korovina, Yana"]
[Black "Zavivaeva, Emilia"]
[Result "1-0"]
[WhiteElo "1531"]
[BlackElo "1826"]
[PlyCount "61"]
[EventDate "2021.02.20"]
[EventType "swiss"]
[EventRounds "9"]
[EventCountry "RUS"]
[SourceTitle "CBM 200 Extra"]
[Source "ChessBase"]
[SourceDate "2021.03.31"]
[SourceVersion "1"]
[SourceVersionDate "2021.03.31"]
[SourceQuality "1"]

1. e4 c5 2. c4 Nc6 3. Nc3 g6 4. d3 Bg7 5. g3 d6 6. Bg2 e6 7. Nge2 Nge7 8. 0-0 0-0 9. f4 Rb8 10. Be3 Nd4 11. g4 f5 12. exf5 exf5 13. g5 a6 14. a4 b6 15. Nd5 Nxd5 16. Bxd5+ Kh8 17. Nxd4 cxd4 18. Bd2 Bb7 19. Qf3 Qd7 20. Rfe1 b5 21. cxb5 axb5 22. a5 b4 23. a6 Bxd5 24. Qxd5 Rb5 25. Qe6 Qc6 26. a7 Qa8 27. Qxd6 b3 28. Re7 Qf3 29. Be1 Rg8 30. Rxg7 Re8 31. Re7 1-0

[Event "Moscow op (Women) 17th"]
[Site "Moscow"]
[Date "2021.02.21"]
[Round "2"]
[White "Korovina, Yana"]
[Black "Akulova, Taisiya"]
[Result "0-1"]
[WhiteElo "1531"]
[BlackElo "1833"]
[PlyCount "114"]
[EventDate "2021.02.20"]
[EventType "swiss"]
[EventRounds "9"]
[EventCountry "RUS"]
[SourceTitle "CBM 200 Extra"]
[Source "ChessBase"]
[SourceDate "2021.03.31"]
[SourceVersion "1"]
[SourceVersionDate "2021.03.31"]
[SourceQuality "1"]

1. e4 e6 2. d3 Ne7 3. g3 b6 4. Bg2 Bb7 5. Ne2 g6 6. 0-0 Bg7 7. f4 f5 8. Nbc3 0-0 9. Be3 d5 10. e5 c5 11. d4 c4 12. Nb1 b5 13. Nd2 Nbc6 14. c3 a5 15. h3 Qd7 16. Nf3 b4 17. Qd2 Ba6 18. Rfb1 Rfb8 19. Kh2 Rb6 20. Qd1 Rab8 21. Nd2 Na7 22. a3 bxc3 23. bxc3 Rxb1 24. Rxb1 Rxb1 25. Qxb1 Qb5 26. Ng1 Qxb1 27. Nxb1 Bb5 28. Bc1 Ba4 29. Nf3 Nb5 30. Bb2 h6 31. Kg1 Nc8 32. Kf2 Nb6 33. Ke1 Bc2 34. Nfd2 Na4 35. Ba1 Bf8 36. Bf3 Bxa3 37. Nxa3 Nxa3 38. Bd1 Kf7 39. Nf1 Bxd1 40. Kxd1 Nb5 41. Kc2 Nb6 42. Nd2 a4 43. h4 a3 44. Nb1 a2 45. Nd2 Na4 46. Nf1 Nbxc3 47. Bxc3 Nxc3 48. Kb2 Ne2 49. Kxa2 Nxd4 50. Kb2 Ne2 51. Kc2 d4 52. Kd2 Nc3 53. Kc2 Ne4 54. Kd1 d3 55. Kc1 c3 56. Kd1 Nf2+ 57. Kc1 d2+ 0-1

[Event "Wch-ch U12 Girls rapid"]
[Site "Minsk"]
[Date "2019.08.17"]
[Round "5"]
[White "Korovina, Yana"]
[Black "Ivanytska, Liudmyla"]
[Result "0-1"]
[WhiteElo "1490"]
[BlackElo "1759"]
[PlyCount "94"]
[EventDate "2019.08.16"]
[EventType "swiss (rapid)"]
[EventRounds "9"]
[EventCountry "BLR"]
[SourceTitle "EXT 2020"]
[Source "ChessBase"]
[SourceDate "2019.10.17"]
[SourceVersion "1"]
[SourceVersionDate "2019.10.17"]
[SourceQuality "1"]

1. e4 c5 2. Nf3 e6 3. d3 a6 4. Nbd2 b5 5. g3 Bb7 6. Bg2 d5 7. 0-0 Ne7 8. Re1 g6 9. e5 Bg7 10. Nf1 0-0 11. Bg5 h6 12. Bxe7 Qxe7 13. Qd2 Qc7 14. c3 Nd7 15. d4 Nb6 16. Ne3 Nc4 17. Qc1 Nxe3 18. Qxe3 Rac8 19. Rac1 Qb6 20. h4 Rc6 21. Nd2 Rfc8 22. Nb3 c4 23. Nc5 Qc7 24. Qd2 Kh7 25. Nxb7 Qxb7 26. Qf4 Qe7 27. Rb1 a5 28. Rec1 h5 29. Re1 b4 30. Red1 Rb6 31. Qd2 Rcb8 32. Qc2 b3 33. axb3 Rxb3 34. Bf3 Kg8 35. Re1 Qb7 36. Re2 a4 37. Ra1 Rxb2 38. Qxa4 Rxe2 39. Bxe2 Qb2 40. Bf1 Qxc3 41. Qa7 Rb2 42. Ra2 Rxa2 43. Qxa2 Qxd4 44. Qa8+ Kh7 45. Qe8 c3 46. Qc6 Qd2 47. Kg2 c2 0-1

[Event "EU-ch U12 Girls"]
[Site "Bratislava"]
[Date "2019.08.10"]
[Round "9"]
[White "Korovina, Yana"]
[Black "Karmanova, Olga Dm"]
[Result "1-0"]
[WhiteElo "1602"]
[BlackElo "1838"]
[PlyCount "111"]
[EventDate "2019.08.02"]
[EventType "swiss"]
[EventRounds "9"]
[EventCountry "SVK"]
[SourceTitle "EXT 2020"]
[Source "ChessBase"]
[SourceDate "2019.10.17"]
[SourceVersion "1"]
[SourceVersionDate "2019.10.17"]
[SourceQuality "1"]

1. e4 c6 2. Nf3 d5 3. d3 dxe4 4. Ng5 Nf6 5. Nc3 Bg4 6. Qd2 e6 7. Ngxe4 Bb4 8. a3 Be7 9. Be2 Bf5 10. Bf3 Nbd7 11. Qf4 Nb6 12. Nxf6+ Bxf6 13. Ne4 Be7 14. Qg3 Bg6 15. h4 h5 16. Bf4 Bxe4 17. Bxe4 Nd5 18. Bxd5 Qxd5 19. Qxg7 0-0-0 20. Qe5 Bd6 21. Qxd5 cxd5 22. Bxd6 Rxd6 23. Kd2 Rg8 24. g3 Rb6 25. Rab1 Kd7 26. Rhe1 f5 27. Re5 Rc8 28. d4 Rbc6 29. c3 b5 30. Re3 a5 31. b4 axb4 32. Rxb4 Ra8 33. Rxb5 Rxa3 34. Rb7+ Kd6 35. Rh7 Rca6 36. Rxh5 Ra1 37. Rf3 R6a2+ 38. Ke3 Re1+ 39. Kf4 Re4+ 40. Kg5 Ra8 41. Rf4 Rg8+ 42. Kf6 Re2 43. Rh7 Rb2 44. h5 Rf8+ 45. Rf7 Rh8 46. Kg6 Rb3 47. h6 Rxc3 48. h7 Rcc8 49. g4 Rb8 50. gxf5 e5 51. Rf6+ Ke7 52. dxe5 d4 53. Rxd4 Rb1 54. Rf7+ Ke8 55. Rfd7 Rg1+ 56. Kf6 1-0

[Event "EU-ch U12 Girls"]
[Site "Bratislava"]
[Date "2019.08.09"]
[Round "8"]
[White "Budagova, Leyla"]
[Black "Korovina, Yana"]
[Result "0-1"]
[WhiteElo "1431"]
[BlackElo "1602"]
[PlyCount "74"]
[EventDate "2019.08.02"]
[EventType "swiss"]
[EventRounds "9"]
[EventCountry "SVK"]
[SourceTitle "EXT 2020"]
[Source "ChessBase"]
[SourceDate "2019.10.17"]
[SourceVersion "1"]
[SourceVersionDate "2019.10.17"]
[SourceQuality "1"]

1. e4 e5 2. Nf3 Nf6 3. Nxe5 d6 4. Nf3 Nxe4 5. Nc3 Nxc3 6. dxc3 Be7 7. Bd3 Nc6 8. 0-0 0-0 9. h3 Be6 10. Be3 Qd7 11. Nd4 Nxd4 12. Bxd4 Bf5 13. Be2 Bg5 14. f4 Be7 15. Bf3 c6 16. g4 Be6 17. f5 Bc4 18. Rf2 Bg5 19. b3 Ba6 20. c4 Rac8 21. Rh2 Rfe8 22. Bb2 Qc7 23. h4 Bf4 24. Rg2 Qe7 25. g5 Qe3+ 26. Kh1 Be5 27. Bxe5 Qxe5 28. Rb1 Rcd8 29. f6 g6 30. h5 Qf4 31. hxg6 hxg6 32. Rg4 Qf5 33. Rg2 Re3 34. Rg3 Rde8 35. Rc1 d5 36. cxd5 Be2 37. Bxe2 Rxg3 0-1

[Event "EU-ch U12 Girls"]
[Site "Bratislava"]
[Date "2019.08.06"]
[Round "5"]
[White "Korovina, Yana"]
[Black "Holestiakova, Nina"]
[Result "1-0"]
[WhiteElo "1602"]
[BlackElo "1285"]
[PlyCount "47"]
[EventDate "2019.08.02"]
[EventType "swiss"]
[EventRounds "9"]
[EventCountry "SVK"]
[SourceTitle "EXT 2020"]
[Source "ChessBase"]
[SourceDate "2019.10.17"]
[SourceVersion "1"]
[SourceVersionDate "2019.10.17"]
[SourceQuality "1"]

1. e4 e5 2. Nc3 Nc6 3. Nf3 Nf6 4. Be2 Be7 5. 0-0 0-0 6. d4 d6 7. d5 Nb8 8. Be3 b6 9. h3 Bb7 10. Qd2 c6 11. dxc6 Bxc6 12. Qd3 Qc7 13. Qc4 a6 14. Nd5 Qb7 15. Nxf6+ Bxf6 16. Qb4 Bxe4 17. Qxd6 Bxc2 18. Rac1 Be4 19. Rc7 Qd5 20. Rd1 Qxa2 21. Bc4 Qa4 22. Rxf7 Qxd1+ 23. Qxd1 Rxf7 24. Nxe5 1-0

[Event "EU-ch U12 Girls"]
[Site "Bratislava"]
[Date "2019.08.03"]
[Round "2"]
[White "Sargsyan, Lilit G"]
[Black "Korovina, Yana"]
[Result "1/2-1/2"]
[WhiteElo "1324"]
[BlackElo "1602"]
[PlyCount "90"]
[EventDate "2019.08.02"]
[EventType "swiss"]
[EventRounds "9"]
[EventCountry "SVK"]
[SourceTitle "EXT 2020"]
[Source "ChessBase"]
[SourceDate "2019.10.17"]
[SourceVersion "1"]
[SourceVersionDate "2019.10.17"]
[SourceQuality "1"]

1. d4 Nf6 2. c4 e6 3. Nf3 b6 4. g3 Bb7 5. Bg2 Bb4+ 6. Bd2 Bxd2+ 7. Qxd2 0-0 8. 0-0 d6 9. Nc3 Nbd7 10. Rfe1 Ne4 11. Qc2 Nxc3 12. Qxc3 f5 13. Rad1 Qf6 14. b4 Rae8 15. Qb3 Kh8 16. c5 Qe7 17. Qa4 Bd5 18. Nh4 Bxg2 19. Nxg2 Nf6 20. cxd6 cxd6 21. Rc1 Rc8 22. Rc2 Rc7 23. Rec1 Rfc8 24. Ne3 h6 25. Qb3 Qd7 26. a3 d5 27. Ng2 g5 28. h4 Ne4 29. hxg5 hxg5 30. Ne1 Qg7 31. Nf3 Nd6 32. Rxc7 Rxc7 33. Rxc7 Qxc7 34. Qe3 g4 35. Ng5 Ne4 36. Nxe6 Qf7 37. Qh6+ Kg8 38. Nf4 Nc3 39. Qc6 Ne4 40. Nxd5 Kg7 41. Ne3 Ng5 42. Qd5 Qxd5 43. Nxd5 Kf7 44. e3 Ke6 45. Nc3 Ne4 1/2-1/2

[Event "EU-ch U12 Girls 28th"]
[Site "Riga"]
[Date "2018.08.22"]
[Round "3"]
[White "Ter Avetisjana, Agnesa Stepania"]
[Black "Korovina, Yana"]
[Result "0-1"]
[WhiteElo "1299"]
[BlackElo "1556"]
[PlyCount "142"]
[EventDate "2018.08.20"]
[EventType "swiss"]
[EventRounds "9"]
[EventCountry "LAT"]
[SourceTitle "CBM 186 Extra"]
[Source "ChessBase"]
[SourceDate "2018.08.24"]
[SourceVersion "1"]
[SourceVersionDate "2018.08.24"]
[SourceQuality "1"]

1. e4 e5 2. Nf3 d5 3. exd5 e4 4. Qe2 Nf6 5. d3 Qxd5 6. Nbd2 Nc6 7. Nxe4 Be6 8. Nc3 Qd7 9. Qd1 Bd6 10. Be2 0-0-0 11. Bg5 h6 12. Bh4 g5 13. Bg3 g4 14. Nd2 h5 15. Bxd6 Qxd6 16. a3 Nd5 17. Nde4 Qe5 18. Qd2 f5 19. Nc5 Nd4 20. Nxe6 Qxe6 21. Kf1 f4 22. Re1 f3 23. Bxf3 Nxf3 24. gxf3 Qf5 25. Nxd5 Rxd5 26. f4 Rdd8 27. Re5 Qf6 28. d4 Rhe8 29. Qe3 Rxe5 30. fxe5 Qc6 31. Rg1 Qxc2 32. e6 Qd1+ 33. Kg2 Qxd4 34. Qxd4 Rxd4 35. Re1 Kd8 36. Re2 h4 37. h3 gxh3+ 38. Kxh3 Rf4 39. Kg2 Ke7 40. Re3 c5 41. Re5 b6 42. Re3 c4 43. Re2 b5 44. Re5 a6 45. Re3 Rg4+ 46. Kh3 Rd4 47. Re2 Rf4 48. Kg2 Rd4 49. Kh3 a5 50. Kg2 b4 51. axb4 axb4 52. Re3 Rd2 53. Re4 Rc2 54. Rxh4 Kxe6 55. b3 cxb3 56. Rxb4 b2 57. Kf3 Kd5 58. Ke3 Kc5 59. Rb8 Kc4 60. f4 Rc3+ 61. Ke4 Rb3 62. Rc8+ Kb4 63. Rb8+ Kc3 64. Rxb3+ Kxb3 65. f5 b1Q+ 66. Ke5 Qe1+ 67. Kf6 Qe8 68. Kg7 Qe7+ 69. Kg6 Qf8 70. f6 Kc4 71. f7 Kd5 0-1

[Event "Wch U12 Girls blitz"]
[Site "Minsk"]
[Date "2018.06.24"]
[Round "5"]
[White "Cherepanova, Evita"]
[Black "Korovina, Yana"]
[Result "1/2-1/2"]
[WhiteElo "1619"]
[BlackElo "1450"]
[PlyCount "92"]
[EventDate "2018.06.24"]
[EventType "swiss (blitz)"]
[EventRounds "9"]
[EventCountry "BLR"]
[SourceTitle "EXT 2019"]
[Source "ChessBase"]
[SourceDate "2018.10.10"]
[SourceVersion "1"]
[SourceVersionDate "2018.10.10"]
[SourceQuality "1"]

1. e4 e5 2. Nf3 d5 3. exd5 e4 4. Nd4 Qxd5 5. Nb3 Nf6 6. Nc3 Qe5 7. Be2 Nc6 8. a3 Bd6 9. d3 exd3 10. Qxd3 0-0 11. Qe3 Be6 12. Qxe5 Bxe5 13. Bd2 Bxb3 14. cxb3 Nd4 15. Bd1 Rfe8 16. 0-0 Rad8 17. Be3 Nf5 18. Bc1 Nd4 19. f4 Bd6 20. b4 a5 21. bxa5 Bc5 22. Kh1 Ne4 23. Nxe4 Rxe4 24. b4 Ba7 25. Bb2 Rde8 26. Ba4 c6 27. Rad1 f5 28. Rc1 Ne2 29. Rb1 Nxf4 30. Bc2 Re2 31. Bb3+ Nd5 32. Rxf5 Bf2 33. Rf1 Ba7 34. Bxd5+ cxd5 35. Ba1 h6 36. R5f3 Ra2 37. h3 Ree2 38. Rg3 Bf2 39. Rxg7+ Kf8 40. Rxb7 Re1 41. Rb8+ Kf7 42. Rxe1 Bxe1 43. b5 Rxa1 44. Kh2 Bxa5 45. b6 Rxa3 46. b7 Bc7+ 1/2-1/2

[Event "Wch U12 Girls blitz"]
[Site "Minsk"]
[Date "2018.06.24"]
[Round "2"]
[White "Zvereva, Margarita"]
[Black "Korovina, Yana"]
[Result "1-0"]
[WhiteElo "1689"]
[BlackElo "1450"]
[PlyCount "91"]
[EventDate "2018.06.24"]
[EventType "swiss (blitz)"]
[EventRounds "9"]
[EventCountry "BLR"]
[SourceTitle "EXT 2019"]
[Source "ChessBase"]
[SourceDate "2018.10.10"]
[SourceVersion "1"]
[SourceVersionDate "2018.10.10"]
[SourceQuality "1"]

1. e4 c5 2. Nf3 d6 3. d4 cxd4 4. Nxd4 Nf6 5. Nc3 Nc6 6. Be3 g6 7. f3 Bg7 8. Qd2 0-0 9. Bc4 Nd7 10. 0-0-0 Nb6 11. Bb3 Na5 12. Qe2 Nxb3+ 13. cxb3 Bd7 14. h4 Rc8 15. Kb1 a5 16. h5 a4 17. bxa4 Nc4 18. hxg6 fxg6 19. Bh6 Qb6 20. Bxg7 Kxg7 21. Nd5 Qd8 22. Rc1 Ne5 23. Qd2 Rf7 24. Qh6+ Kg8 25. g4 Rxc1+ 26. Rxc1 Nxf3 27. Nxf3 Rxf3 28. Rh1 Rf7 29. Nf4 Rg7 30. Nh3 e5 31. Ng5 Bxg4 32. Nxh7 Qd7 33. Ng5 Kf8 34. Qh8+ Ke7 35. Qxg7+ Kd8 36. Rh8+ Kc7 37. Qxd7+ Kxd7 38. Rg8 Bh5 39. Nh7 Bf3 40. Ka1 Bxe4 41. Nf6+ Ke6 42. Nxe4 d5 43. Nc5+ Kd6 44. Nxb7+ Kc6 45. Nd8+ Kd7 46. Rxg6 1-0